The Monetary Policy Regime and Banking Spreads in Barbados /

The paper analyzes the determinants of banking spreads in Barbados, with a view to identifying the role of the monetary policy regime in explaining high spreads. The paper finds that interest rate spreads for Barbados are higher than would be suggested by its macroeconomic performance. Banking conce...

Descripció completa

Dades bibliogràfiques
Autor principal: Valderrama, Laura
Altres autors: Samuel, Wendell
Format: Revista
Idioma:English
Publicat: Washington, D.C. : International Monetary Fund, 2006.
Col·lecció:IMF Working Papers; Working Paper ; No. 2006/211
Accés en línia:Full text available on IMF
LEADER 01709cas a2200253 a 4500
001 AALejournalIMF009103
008 230101c9999 xx r poo 0 0eng d
020 |c 5.00 USD 
020 |z 9781451864717 
022 |a 1018-5941 
040 |a BD-DhAAL  |c BD-DhAAL 
100 1 |a Valderrama, Laura. 
245 1 4 |a The Monetary Policy Regime and Banking Spreads in Barbados /  |c Laura Valderrama, Wendell Samuel. 
264 1 |a Washington, D.C. :  |b International Monetary Fund,  |c 2006. 
300 |a 1 online resource (24 pages) 
490 1 |a IMF Working Papers 
500 |a <strong>Off-Campus Access:</strong> No User ID or Password Required 
500 |a <strong>On-Campus Access:</strong> No User ID or Password Required 
506 |a Electronic access restricted to authorized BRAC University faculty, staff and students 
520 3 |a The paper analyzes the determinants of banking spreads in Barbados, with a view to identifying the role of the monetary policy regime in explaining high spreads. The paper finds that interest rate spreads for Barbados are higher than would be suggested by its macroeconomic performance. Banking concentration and bank-specific variables, including bank size and provisions for nonperforming loans, do not have an important role in explaining variations in bank spreads. Rather, it appears that monetary policy variables, such as reserve requirements and capital controls, are the most important determinants of spreads. 
538 |a Mode of access: Internet 
700 1 |a Samuel, Wendell. 
830 0 |a IMF Working Papers; Working Paper ;  |v No. 2006/211 
856 4 0 |z Full text available on IMF  |u http://elibrary.imf.org/view/journals/001/2006/211/001.2006.issue-211-en.xml  |z IMF e-Library